000 00771nam a22002177a 4500
005 20081020164431.0
008 081020t xxu||||| |||| 00| 0 eng d
010 _aENG-84176
020 _a8175412747
020 _c395.00 (hb)
035 _aEN-67709
082 _a371.2
100 _aNarula, Manju
245 _aQuality in school education:
_bsecondary education and education boards /
_cby Manju Narula
260 _aDelhi
_bShipra Publications
260 _c2006
300 _axvi,175p
_c22cm
500 _aIncludes bibliographical references and index
942 _2ddc
_cEN
_h371.2
_mNAR
999 _c17138
_d17138